Sammlung desfreiherrn Adalbert von Lanna (Record no. 4667)

MARC details
000 -CABECERA
campo de control de longitud fija 00789nam a2200241 a 4500
001 - NÚMERO DE CONTROL
campo de control BRCA_4973
005 - FECHA Y HORA DE LA ÚLTIMA TRANSACCIÓN
campo de control 20190320204901.0
008 - DATOS DE LONGITUD FIJA--INFORMACIÓN GENERAL
campo de control de longitud fija 261010m15591605gw-a######---#000-0#ger-#
041 ## - CÓDIGO DE LENGUA
Código de lengua del texto/banda sonora o título independiente ger
044 ## - CÓDIGO DEL PAÍS DE LA ENTIDAD EDITORA/PRODUCTORA
Código MARC del país gw
050 #4 - SIGNATURA TOPOGRÁFICA DE LA BIBLIOTECA DEL CONGRESO
Número de clasificación NK550
Número de documento/Ítem .S26 1559
245 10 - MENCIÓN DE TÍTULO
Título Sammlung desfreiherrn Adalbert von Lanna
Resto del título Prag.
260 ## - PUBLICACIÓN, DISTRIBUCIÓN, ETC.
Lugar de publicación, distribución, etc. Berlín
Nombre del editor, distribuidor, etc. Rudolph Lepke´s Kunst-Auctions-Haus
Fecha de publicación, distribución, etc. 1559-1605
300 ## - DESCRIPCIÓN FÍSICA
Extensión 2 v.
Otras características físicas il., láminas
Dimensiones 35 cm.
500 ## - NOTA GENERAL
Nota general Incluye índice de piezas expuestas y a subastar
500 ## - NOTA GENERAL
Nota general Titulo en cubierta: Sammlung Lanna: Prag
500 ## - NOTA GENERAL
Nota general DD35
650 14 - PUNTO DE ACCESO ADICIONAL DE MATERIA--TÉRMINO DE MATERIA
Término de materia o nombre geográfico como elemento de entrada Artes decorativas
Subdivisión de forma Catálogos
Subdivisión general Colecciones privadas
Subdivisión geográfica República Checa, Praga
9 (RLIN) 12656
650 14 - PUNTO DE ACCESO ADICIONAL DE MATERIA--TÉRMINO DE MATERIA
Término de materia o nombre geográfico como elemento de entrada Arte
Subdivisión de forma Catálogos
9 (RLIN) 4925
700 1# - PUNTO DE ACCESO ADICIONAL--NOMBRE DE PERSONA
Nombre de persona Lanna, Adalbert von
Fechas asociadas al nombre 1867-1909
9 (RLIN) 12657
902 ## - CATALOGADOR
Iniciales GFM
942 ## - ELEMENTOS DE PUNTO DE ACCESO ADICIONAL (KOHA)
Fuente del sistema de clasificación o colocación Library of Congress Classification
Tipo de ítem Koha Libros
Holdings
Estado de retiro Estado de pérdida Estado dañado No para préstamo Localización permanente Ubicación/localización actual Fecha de adquisición Número de inventario Total de préstamos Signatura topográfica completa Código de barras Fecha visto por última vez Precio válido a partir de Tipo de ítem Koha
El ejemplar forma parte de la colección y puede ser consultado según las políticas vigentes.       Biblioteca del Museo Franz Mayer (Rogerio Casas-Alatriste) Biblioteca del Museo Franz Mayer (Rogerio Casas-Alatriste) 26/10/2010 DD35   NK550 .S26 1559 (DD35) 5048 22/03/2019 22/03/2019 Libros